Entangled objects : exchange, material culture, and colonialism in the Pacific

Αποθηκεύτηκε σε:
Λεπτομέρειες βιβλιογραφικής εγγραφής
Κύριος συγγραφέας: Thomas, Nicholas
Μορφή: Βιβλίο
Γλώσσα:English
Δημοσίευση: Cambridge : Harvard University Press, 1991
Θέματα:
Ετικέτες: Προσθήκη ετικέτας
Δεν υπάρχουν, Καταχωρήστε ετικέτα πρώτοι!

MARC

LEADER 00000nam a2200000 i 4500
001 1/12294
008 980123s1991 eng d
020 |a 0-674-25731-6 
035 |1 ΠΑΡ  |a 1997  |l 10018572 
040 |a GR-MY-UA  |b gre  |e aacr 
041 0 |a eng 
082 0 |a 306.30995 
100 1 |a Thomas, Nicholas. 
245 1 0 |a Entangled objects :  |b exchange, material culture, and colonialism in the Pacific /  |c Nicholas Thomas 
260 |a Cambridge :   |b Harvard University Press,   |c 1991 
300 |a 259 p.  |b ill. 
504 |a Includes bibliographical references and index 
650 0 0 |a Material culture  |z Oceania. 
650 0 0 |a Exchange. 
650 0 0 |a Acculturation  |z Oceania. 
650 0 0 |a Economic anthropology  |z Oceania. 
651 0 |a Oceania  |x Social life and customs. 
852 |a INST  |b LESVOS  |e 19980123  |h 306.30995 THO  |p 005100015263  |q 005100015263  |t BK  |y 0 
909 |a Λ  |b 052165 
950 |a 045-1996-07-16